Метод получения дифеновой кислоты; Известия Томского политехнического института [Известия ТПИ]; Т. 214
| Parent link: | Известия Томского политехнического института [Известия ТПИ]/ Томский политехнический институт (ТПИ).— , 1944-1976 Т. 214.— 1977.— [С. 64-66] |
|---|---|
| Tác giả chính: | |
| Tác giả khác: | , |
| Tóm tắt: | Заглавие с титульного листа Электронная версия печатной публикации |
| Ngôn ngữ: | Tiếng Nga |
| Được phát hành: |
1977
|
| Những chủ đề: | |
| Truy cập trực tuyến: | Черно-белая версия для предварительного просмотра Цветная версия без потери качества |
| Định dạng: | Điện tử Chương của sách |
| KOHA link: | https://koha.lib.tpu.ru/cgi-bin/koha/opac-detail.pl?biblionumber=225022 |
MARC
| LEADER | 00000nla2a2200000 4500 | ||
|---|---|---|---|
| 001 | 225022 | ||
| 005 | 20231031200815.0 | ||
| 035 | |a (RuTPU)RU\TPU\book\245350 | ||
| 035 | |a RU\TPU\book\245348 | ||
| 090 | |a 225022 | ||
| 100 | |a 20121101d1977 k y0rusy50 ca | ||
| 101 | 0 | |a rus | |
| 102 | |a RU | ||
| 135 | |a drnn ---uucaa | ||
| 181 | 0 | |a i | |
| 182 | 0 | |a b | |
| 200 | 1 | |a Метод получения дифеновой кислоты |b Электронный ресурс |f В. П. Шабров, А. Г. Печенкин, В. Д. Волкова | |
| 203 | |a Текст |c электронный | ||
| 215 | |a 2 файла (148 Кб, 3.2 Мб) | ||
| 230 | |a Электронные текстовые данные (2 файла : 148 Кб, 3.2 Мб) | ||
| 300 | |a Заглавие с титульного листа | ||
| 300 | |a Электронная версия печатной публикации | ||
| 320 | |a [Библиогр.: с. 66 (10 назв.)] | ||
| 337 | |a Adobe Reader | ||
| 461 | 1 | |0 (RuTPU)RU\TPU\book\200995 |t Известия Томского политехнического института [Известия ТПИ] |f Томский политехнический институт (ТПИ) |d 1944-1976 | |
| 463 | 1 | |0 (RuTPU)RU\TPU\book\245308 |t Т. 214 |v [С. 64-66] |d 1977 |p 112 с. | |
| 610 | 1 | |a электронный ресурс | |
| 610 | 1 | |a труды учёных ТПУ | |
| 700 | 1 | |a Шабров |b В. П. | |
| 701 | 1 | |a Печенкин |b А. Г. | |
| 701 | 1 | |a Волкова |b В. Д. | |
| 801 | 1 | |a RU |b 63413507 |c 20090320 |g PSBO | |
| 801 | 2 | |a RU |b 63413507 |c 20121227 |g PSBO | |
| 856 | 4 | |u http://www.lib.tpu.ru/fulltext/v/Bulletin_TPU/1977/v214/22_bw.pdf |z Черно-белая версия для предварительного просмотра | |
| 856 | 4 | |u http://www.lib.tpu.ru/fulltext/v/Bulletin_TPU/1977/v214/22_full.pdf |z Цветная версия без потери качества | |
| 942 | |c CF | ||